Modern's Abc of Physics (Record no. 10)

MARC details
000 -LEADER
fixed length control field 00391nam a2200145Ia 4500
008 - FIXED-LENGTH DATA ELEMENTS--GENERAL INFORMATION
fixed length control field 211109s9999||||xx |||||||||||||| ||und||
082 ## - DEWEY DECIMAL CLASSIFICATION NUMBER
Classification number 530
Item number GUP-M
100 ## - MAIN ENTRY--PERSONAL NAME
Personal name Gupta, Satish K
245 #0 - TITLE STATEMENT
Title Modern's Abc of Physics
260 ## - PUBLICATION, DISTRIBUTION, ETC.
Name of publisher, distributor, etc. Modern Publishers
Place of publication, distribution, etc. Jalandhar
Date of publication, distribution, etc. 1989
300 ## - PHYSICAL DESCRIPTION
Extent 600p.
630 ## - SUBJECT ADDED ENTRY--UNIFORM TITLE
General subdivision Reference Reading Room
650 ## - SUBJECT ADDED ENTRY--TOPICAL TERM
Topical term or geographic name entry element Applied PhysicsNatural Sciences
942 ## - ADDED ENTRY ELEMENTS (KOHA)
Koha item type BOOK
650 ## - SUBJECT ADDED ENTRY--TOPICAL TERM
General subdivision Physics

No items available.

Powered by Koha